000 00554nam a2200181Ia 4500
001 20425
005 20260306172805.0
008 260306t2011||||xx |||||||||||||| ||spa||
041 _aESP
082 _a343.2J
_bG312
100 _aGaceta Jurídica
_eAUT
245 0 _aEl Tribunal Constitucional reescribe el derecho:
_bestudios sobre la incidencia de la jurisprudencia constitucional en la diferentes especialidades del derecho
260 _c2011
300 _a365 páginas :
_c25 cm.
650 _aGEN
654 _aCDE
942 _cLIB
_dJUS
_fJUS
_2ddc
_n
999 _c20425
_d20425